Score 0/12 Timer 02:00
0 Plays Today
Scramble Movie % Correct
NAIR NAMRain Man
98.8%
MOEH LEONAHome Alone
93.9%
LAWL REESTTWall Street
91.6%
TETILL SISM HUNSSIENLittle Miss Sunshine
88.1%
PAPYH LIMGEORHappy Gilmore
86.9%
A RISTSAMCH ROSTYA Christmas Story
85.2%
ROUCHCING GERTI DENDHI GONDRACrouching Tiger, Hidden Dragon
83.2%
DINGDEW RASHRECSWedding Crashers
70.1%
ETH NAGHEVORThe Hangover
45%
METNEOMMemento
40.5%
RAILANPEAirplane!
32.5%
NOMOKCURSTMoonstruck
28.9%
Remove Ads.
Support Sporcle.
Get the best of Sporcle when you Go Orange. This ad-free experience offers more features, more stats, and more fun while also helping to support Sporcle. Thank you for becoming a member.

You're not logged in!

Compare scores with friends on all Sporcle quizzes.
OR
Log In

Show Comments

Extras

Top Quizzes Today


Score Distribution

Your Account Isn't Verified!

In order to create a playlist on Sporcle, you need to verify the email address you used during registration. Go to your Sporcle Settings to finish the process.

Report this User

Report this user for behavior that violates our Community Guidelines.

Details: